000 00236nam a2200097Ia 4500
001 765774
005 20250826165328.0
008 250824s9999 xx 000 0 und d
245 0 _aSARI GELİN
_cORHAN YENİARAS
260 _bPANAMA YAYINLARI
999 _c765774
_d765774